| 000 | 00730nmm a2200265Ia 4500 | ||
|---|---|---|---|
| 008 | 251105s9999||||xx |||||||||||||||||und|| | ||
| 020 | _a9788475220000 | ||
| 041 | _aspa | ||
| 100 | _aRudin, Ingalil | ||
| 245 | 0 | _aLa obra maestra desconocida | |
| 264 |
_a[Madrid, España] : _bVisor Libros, _c2007 |
||
| 300 | _a102 páginas | ||
| 490 | _aDiscurso artístico | ||
| 650 | _aFrench narrative | ||
| 700 | _aRudin, Ingalil | ||
| 700 | 1 | _a Rudin, Ingalil | |
| 700 | 1 | _a Rudin, Ingalil | |
| 700 | 1 | _a Iribas, Ana | |
| 700 | 1 | _a Iribas, Ana | |
| 700 | 1 | _a Iribas, Ana | |
| 700 | 1 | _a Balzac, Honoré | |
| 700 | 1 | _a Calvo Serraller, Francisco | |
| 856 | _uhttps://public.digitaliapublishing.com/a/37159 | ||
| 942 | _cCF | ||
| 999 |
_c70829 _d70829 |
||